| 000 | 00657nam a22002537a 4500 | ||
|---|---|---|---|
| 003 | CEu | ||
| 005 | 20140311162958.0 | ||
| 008 | 130226t xxu||||| |||| 00| 0 eng d | ||
| 020 | _a9715131441 | ||
| 050 |
_aQR 41.2 _b.B88 1996 |
||
| 100 | _aBurton, Gwendolyn R.W. | ||
| 245 |
_aMicrobiology for the health sciences _cGwendolyn R.W. Burton, Paul G. Engelkirk |
||
| 250 | _a5th ed. | ||
| 260 |
_aPhiladelphia _bLippincott _c1996 |
||
| 300 |
_axiv, 444 p. : _bill. (some col.) ; _c23 cm. |
||
| 521 | _aNUR | ||
| 562 | _e1 | ||
| 942 |
_2lcc _cBK _kFOR |
||
| 999 |
_c39115 _d39115 |
||